Une lettre suffit pour répondre juste #111 (attention 10 lettres tuent) - Statistiques

Statistiques générales
  • Ce quiz a été pris 32 fois
  • Le résultat moyen est 5 sur 6
Statistiques - réponses
Hint Réponse % Correct
Donne une des 5 lettres qui complète le nom de l'empereur de l'Empire romain d'Occident pendant quelques mois durant l'an 472.Côté bande dessinée, on trouve un personnage caricatural du même nom (avec un i) dans les aventures d'Astérix le Gaulois ainsi que dans les anathèmes du Capitaine Haddock. Oly_ _ _ _ _
BRIUS
100%
Donne une des 4 lettres qui complète l'extrait d'une apostrophe prononcée, en anglais approximatif, par Jacques Chirac, président de la République française, à des membres de la sécurité israélienne, lors d'un voyage officiel à Jérusalem, le 22 octobre 1996 : « What do you _ _ _ _ ? Me to go back to my plane and go back to France? »
WANT
96%
Donne une des 3 lettres qui complète le nom de l'élément chimique de numéro atomique 101 : Le men_élé_iu_ DVM (menDéléViuM)
84%
Donne une des 2 lettres qui complète le nom de l'émission TV présentée par Valérie Damidot du 22 avril 2006 au 12 juillet 2015 : D&_ _
CO
76%
Donne la seule consonne parmi les lettres 3 manquantes ci-dessous qui complète le nom d'une chanson de Snoop Dogg de 1999 :
H
64%
Donne la lettre manquante dans le nom du premier antagoniste de la série Donkey Kong (Donkey Kong Country) qui réapparait souvent en tant que Boss final. Il est à Donkey Kong ce que Bowser est à Mario : King _. Rool
K
36%
Aucun quiz correspondant
Distribution des résultats
% des personnes avec chaque résultat
Percentile par nombre de réponses
Votre historique - résultats
Vous n’avez pas pris ce quiz